Normal view
MARC view
- Jadhav Pranali
Entry Personal Name
001 - CONTROL NUMBER
- control field: 211208
003 - CONTROL NUMBER IDENTIFIER
- control field: OSt
005 - DATE AND TIME OF LATEST TRANSACTION
- control field: 20250203110110.0
008 - FIXED-LENGTH DATA ELEMENTS
- fixed length control field: 250203|| aca||aabn | a|a d
040 ## - CATALOGING SOURCE
- Original cataloging agency: OSt
- Transcribing agency: OSt
100 ## - HEADING--PERSONAL NAME
- Personal name: Jadhav Pranali
670 ## - SOURCE DATA FOUND
- Source citation: Work cat.: (OSt)364964: Jadhav Pranali, Evolving Green Infrastructure Planning Strategies For Ayodhya In Response To Its Cultural Context, 28/01/2025